Del álbum de Itín / (Record no. 182277)

MARC details
000 -LEADER
campo de control de longitud fija 00650nam a2200193 i 4500
001 - NÚMERO DE CONTROL
campo de control 182277
003 - IDENTIFICADOR DE NÚMERO DE CONTROL
campo de control ES-MaACL
005 - FECHA Y HORA DE LA ÚLTIMA TRANSACCIÓN
campo de control 20230906221554.0
008 - DATOS DE LONGITUD FIJA--INFORMACIÓN GENERAL
campo de control de longitud fija 130730s1983 pr |||| | spa d
245 00 - MENCIÓN DEL TÍTULO
Título Del álbum de Itín /
Mención de responsabilidad, etc. anotaciones de Carlos Félix Mendoza Tió y René Torres Delgado.
260 ## - PUBLICACIÓN, DISTRIBUCIÓN, ETC.
Lugar de publicación, distribución, etc. San Juan, Puerto Rico :
Nombre del editor, distribuidor, etc. Hipatia,
Fecha de publicación, distribución, etc. 1983.
300 ## - DESCRIPCIÓN FÍSICA
Extensión 19 p. :
Otras características físicas il. ;
Dimensiones 22 cm.
490 1# - MENCIÓN DE SERIE
Mención de serie Archivo historicoliterario ;
Designación de volumen o secuencia 8
700 0# - ENTRADA AGREGADA--NOMBRE PERSONAL
Nombre de persona Mendoza Tió, Carlos F.
9 (RLIN) 80268
700 0# - ENTRADA AGREGADA--NOMBRE PERSONAL
Nombre de persona Torres Delgado, René.
9 (RLIN) 110947
830 0# - PUNTO DE ACCESO ADICIONAL DE SERIE-TÍTULO UNIFORME
Título uniforme Archivo historicoliterario ;
Designación de volumen o secuencia 8
9 (RLIN) 224817
852 ## - LOCALIZACIÓN
Ubicación ES-MaACL
Número de control de estantería 2316-F-25
Holdings
Estatus retirado Estado de pérdida Estado de daño No para préstamo Colección Biblioteca de origen Biblioteca actual Ubicación en estantería Fecha de adquisición Fuente de adquisición Total de préstamos Signatura topográfica completa Código de barras Visto por última vez Precio de reemplazo Tipo de ítem Koha
        Colección de folletos Biblioteca del Ateneo de Madrid Biblioteca del Ateneo de Madrid Depósito folletos 30/07/2013     2316-F-25 1191553 23/02/2023 23/02/2023 Folleto